Asperges pro quatuor vocibus, violine et organo /
| Main Author: | Foerster, Josef, 1833-1907 |
|---|---|
| Language: | Latin |
| Published: |
Pragae : Veit, [1885?] |
| Physical Description: |
3, 1, 1, 1, 1, 1, 2 s. |
| LEADER | 00789ncm a22002292a 4500 | ||
|---|---|---|---|
| 001 | 001103544 | ||
| 003 | CZ BrMZK | ||
| 005 | 20110329151539.0 | ||
| 007 | qu | ||
| 008 | 100625s1885 xr |||||||||||||||||lat d | ||
| 040 | |a BOA001 |b cze | ||
| 072 | 7 | |a 783 |x Církevní hudba. Duchovní hudba. Náboženská hudba |2 Konspekt |9 9 | |
| 100 | 1 | |a Foerster, Josef, |d 1833-1907 |7 xx0007193 |4 cmp | |
| 245 | 1 | 0 | |a Asperges |h [hudebnina] : |b pro quatuor vocibus, violine et organo / |c Josef Förster |
| 260 | |a Pragae : |b Veit, |c [1885?] | ||
| 300 | |a 3, 1, 1, 1, 1, 1, 2 s. | ||
| 500 | |a Tisk vtlačenou plotnou | ||
| 500 | |a Partitura a hlasy | ||
| 910 | |a BOA001 |b Mus3-0363.607 | ||
| 990 | |a MU | ||
| 991 | |b 201103 | ||
| 996 | 6 | |b 2619449029 |c Mus3-0363.607 |l MZK |r Sklad / do 1 hodiny |n 0 |p W |w 001130288 |u 000010 |a 1 |e BOA001 |j MZK50 |s P | |
English
Čeština 